Body - mind-spirit integrative medicine in ayurveda yoga & nature cure (Record no. 1678825)

MARC details
000 -LEADER
fixed length control field 00785 a2200241 4500
005 - DATE AND TIME OF LATEST TRANSACTION
control field 20260320111231.0
008 - FIXED-LENGTH DATA ELEMENTS--GENERAL INFORMATION
fixed length control field 260320b |||||||| |||| 00| 0 eng d
020 ## - INTERNATIONAL STANDARD BOOK NUMBER
International Standard Book Number 9788190804608 (hbk)
037 ## - SOURCE OF ACQUISITION
Terms of availability TB
040 ## - CATALOGING SOURCE
Original cataloging agency BL
Transcribing agency BL
041 ## - LANGUAGE CODE
Source of code eng
Language code of text/sound track or separate title eng
084 ## - COLON CLASSIFICATION NUMBER
Classification number LB R3
Assigning agency BL
100 ## - MAIN ENTRY--PERSONAL NAME
Personal name Singh, R. H.
9 (RLIN) 1114264
245 ## - TITLE STATEMENT
Title Body - mind-spirit integrative medicine in ayurveda yoga & nature cure
260 ## - PUBLICATION, DISTRIBUTION, ETC.
Place of publication, distribution, etc. Varanasi, India:
Name of publisher, distributor, etc. Chaukhamba Surbharati Prakashan,
Date of publication, distribution, etc. 2023.
300 ## - PHYSICAL DESCRIPTION
Extent xxviii, 467p.
365 ## - TRADE PRICE
Price amount 1195.00
Currency code INR
490 ## - SERIES STATEMENT
Series statement Chaukhamba Ayurveda Studies 10
650 ## - SUBJECT ADDED ENTRY--TOPICAL TERM
Topical term or geographic name entry element Medicin
9 (RLIN) 1132623
650 ## - SUBJECT ADDED ENTRY--TOPICAL TERM
Topical term or geographic name entry element Ayurveda
942 ## - ADDED ENTRY ELEMENTS (KOHA)
Koha item type Textbook
Source of classification or shelving scheme Colon Classification (CC)
Classification part LB R3
Holdings
Withdrawn status Lost status Source of classification or shelving scheme Damaged status Not for loan Home library Current library Date acquired Source of acquisition Cost, normal purchase price Inventory number Total Checkouts Full call number Barcode Date last seen Cost, replacement price Price effective from Koha item type
    Colon Classification (CC)     Braille Library Braille Library 2026-02-12 108/ Sasta Sahitya Mandal 956.00 1054 & 2026-02-11   LB R3 BL0001268 2026-02-12 1195.00 2026-02-12 Textbook
Copyright @ Delhi University Library System